<?xml version="1.0" encoding="UTF-8"?>
<record
    xmlns:xsi="http://www.w3.org/2001/XMLSchema-instance"
    xsi:schemaLocation="http://www.loc.gov/MARC21/slim http://www.loc.gov/standards/marcxml/schema/MARC21slim.xsd"
    xmlns="http://www.loc.gov/MARC21/slim">

  <leader>006680000a22001810004500</leader>
  <datafield tag="090" ind1=" " ind2=" ">
    <subfield code="a">AR</subfield>
    <subfield code="b">04087</subfield>
  </datafield>
  <datafield tag="245" ind1="1" ind2="0">
    <subfield code="a">Sistem&#xE1;tica, morfolog&#xED;a e fisiolog&#xED;a</subfield>
    <subfield code="s">Scarabaeidae s. str. (Coleoptera: Scarabaeoidea) de um fragmento de floresta Amazonica no estado do Acre, Brasil, 1. taxocenose</subfield>
  </datafield>
  <datafield tag="650" ind1="1" ind2="4">
    <subfield code="a">Entomolog&#xED;a</subfield>
    <subfield code="9">4483</subfield>
  </datafield>
  <datafield tag="650" ind1="1" ind2="4">
    <subfield code="a">Bosques secundarios</subfield>
    <subfield code="9">7443</subfield>
  </datafield>
  <datafield tag="650" ind1="1" ind2="4">
    <subfield code="a">Ecolog&#xED;a</subfield>
    <subfield code="9">92250</subfield>
  </datafield>
  <datafield tag="651" ind1=" " ind2="4">
    <subfield code="d">Acre</subfield>
    <subfield code="p">Brasil</subfield>
    <subfield code="9">92749</subfield>
  </datafield>
  <datafield tag="653" ind1=" " ind2=" ">
    <subfield code="g">Ontherus</subfield>
    <subfield code="e">Ontherus edentulus</subfield>
  </datafield>
  <datafield tag="653" ind1=" " ind2=" ">
    <subfield code="g">Dichotomius</subfield>
    <subfield code="e">Dichotomius ohausi</subfield>
  </datafield>
  <datafield tag="041" ind1="0" ind2=" ">
    <subfield code="a">Portugues</subfield>
  </datafield>
  <datafield tag="100" ind1="1" ind2=" ">
    <subfield code="a">Vaz de Mello, Fernando Z.</subfield>
    <subfield code="9">94442</subfield>
  </datafield>
  <datafield tag="942" ind1=" " ind2=" ">
    <subfield code="c">ARTICULO</subfield>
  </datafield>
  <datafield tag="773" ind1="1" ind2=" ">
    <subfield code="t">An. Soc. Entomol. Brasil</subfield>
    <subfield code="h">3</subfield>
    <subfield code="q">447-453</subfield>
    <subfield code="d">1999</subfield>
    <subfield code="g">28</subfield>
  </datafield>
  <datafield tag="999" ind1=" " ind2=" ">
    <subfield code="c">13119</subfield>
    <subfield code="d">13119</subfield>
  </datafield>
  <datafield tag="952" ind1=" " ind2=" ">
    <subfield code="0">0</subfield>
    <subfield code="1">0</subfield>
    <subfield code="4">0</subfield>
    <subfield code="7">1</subfield>
    <subfield code="8">HEMEROTECA</subfield>
    <subfield code="a">Bogota</subfield>
    <subfield code="b">Bogota</subfield>
    <subfield code="d">2015-02-27</subfield>
    <subfield code="h">Fuera de circulaci&#xF3;n</subfield>
    <subfield code="l">0</subfield>
    <subfield code="o">AR 04087</subfield>
    <subfield code="p">017701</subfield>
    <subfield code="r">2015-03-25 00:00:00</subfield>
    <subfield code="w">2015-03-25</subfield>
    <subfield code="x">Donaci&#xF3;n</subfield>
    <subfield code="y">ARTICULO</subfield>
  </datafield>
</record>
